[Event "ROM-ch U14 Girls"]
[Site "Calimanesti Caciulata"]
[Date "2019.04.16"]
[Round "2"]
[White "Moldovanu, Raluca"]
[Black "Chirila, Carmen Maria"]
[Result "1-0"]
[WhiteElo "1211"]
[BlackElo "1036"]
[PlyCount "49"]
[EventDate "2019.04.15"]
[EventType "swiss"]
[EventRounds "9"]
[EventCountry "ROU"]
[SourceTitle "CBM 190 Extra"]
[Source "ChessBase"]
[SourceDate "2019.07.15"]
[SourceVersion "1"]
[SourceVersionDate "2019.07.15"]
[SourceQuality "1"]

1. d4 d5 2. c4 e6 3. Nc3 Be7 4. Nf3 Nf6 5. Bg5 0-0 6. e3 Nbd7 7. cxd5 exd5 8. Bd3 h6 9. Bf4 b6 10. Qc2 Bb7 11. 0-0-0 Re8 12. h4 Bb4 13. Nb5 Re6 14. Kb1 Rc6 15. Qb3 Bd6 16. Nxd6 cxd6 17. Bb5 Ne4 18. Bxc6 Nxf2 19. Bxb7 Rb8 20. Bxd5 Nxd1 21. Bxf7+ Kh8 22. Rxd1 Nf6 23. Rc1 Rb7 24. Bg6 d5 25. Qb4 1-0